Advances in international marketing : a research annual
Αποθηκεύτηκε σε:
| Άλλοι συγγραφείς: | |
|---|---|
| Μορφή: | Βιβλίο |
| Γλώσσα: | English |
| Δημοσίευση: |
London, England :
Jai Press,
1987
|
| Θέματα: | |
| Ετικέτες: |
Προσθήκη ετικέτας
Δεν υπάρχουν, Καταχωρήστε ετικέτα πρώτοι!
|
MARC
| LEADER | 00000nam a2200000 i 4500 | ||
|---|---|---|---|
| 001 | 1/20498 | ||
| 008 | 960705s1987 eng d | ||
| 020 | |a 0-89232-646-8 | ||
| 035 | |l 10021558 | ||
| 040 | |a GR-MY-UA |b gre |e aacr | ||
| 041 | 0 | |a eng | |
| 082 | 0 | |a 658.848 | |
| 245 | 1 | 0 | |a Advances in international marketing : |b a research annual / |c Edited by : S. Tamer Cavusgil |
| 260 | |a London, England : |b Jai Press, |c 1987 | ||
| 300 | |a 278 p. | ||
| 650 | 0 | 0 | |a Export marketing. |
| 700 | 1 | |a Cavusgil, S. Tamer. |4 edt | |
| 852 | |a INST |b CHIOS |e 19960718 |h 658.848 ADV |p 005200007252 |q 005200007252 |t BK |y 0 |z Vol.4 | ||
| 852 | |a INST |b CHIOS |e 19960705 |h 658.848 ADV |p 005200007303 |q 005200007303 |t BK |y 12 |z Vol.2 | ||
| 852 | |a INST |b CHIOS |e 19960718 |h 658.848 ADV |p 005200007252 |q 005200007252 |t BK |v Vol.4: |y 0 |z Vol.4 | ||
| 852 | |a INST |b CHIOS |e 19960705 |h 658.848 ADV |p 005200007303 |q 005200007303 |t BK |v Vol.2: |y 12 |z Vol.2 | ||
| 853 | |a INST |b CHIOS |h 658.848 ADV | ||
| 909 | |a Χ |b 037728 | ||
| 909 | |a Χ |b 037726 | ||